Most Valuable Talents in Football - Statistics

General Stats
  • This quiz has been taken 16 times
  • The average score is 28 of 100
Answer Stats
Rank Market Value Age Nation Club Player % Correct
1 €200.00m 18 Spain Barcelona Lamine Yamal
100%
17 €50.00m 20 France Man United Leny Yoro
64%
10 €65.00m 21 Argentina Como Nico Paz
64%
9 €75.00m 21 Germany Bayern Aleksandar Pavlovic
57%
4 €90.00m 21 Türkiye Real Madrid Arda Güler
57%
3 €90.00m 20 France PSG Désiré Doué
57%
42 €35.00m 19 Brazil Lyon Endrick
57%
5 €80.00m 18 Brazil Chelsea Estêvão
57%
2 €110.00m 21 Portugal PSG João Neves
57%
8 €75.00m 20 Türkiye Juventus Kenan Yildiz
57%
18 €50.00m 20 England Man United Kobbie Mainoo
57%
12 €60.00m 18 Germany Bayern Lennart Karl
57%
13 €60.00m 19 Croatia HSV Luka Vuskovic
57%
19 €50.00m 21 England Man City Nico O'Reilly
57%
21 €45.00m 21 Spain Porto Samu Aghehowa
57%
32 €40.00m 19 England Marseille Ethan Nwaneri
50%
20 €45.00m 18 Argentina Real Madrid Franco Mastantuono
50%
29 €40.00m 19 France Bournemouth Junior Kroupi
50%
33 €40.00m 20 Sweden Tottenham Lucas Bergvall
50%
36 €40.00m 21 Brazil Man City Savinho
50%
34 €40.00m 20 Germany Bayern Tom Bischof
50%
7 €75.00m 19 Cote d'Ivoire RB Leipzig Yan Diomande
50%
24 €45.00m 21 Brazil Chelsea Andrey Santos
43%
68 €30.00m 20 England Dortmund Jobe Bellingham
43%
46 €35.00m 20 Netherlands Chelsea Jorrel Hato
43%
90 €25.00m 20 France Tottenham Mathys Tel
43%
6 €80.00m 19 Spain Barcelona Pau Cubarsí
43%
22 €45.00m 20 Italy Inter Milan Pio Esposito
43%
58 €32.00m 21 England Man City Rico Lewis
43%
38 €38.00m 21 Brazil Palmeiras Vitor Roque
43%
14 €60.00m 20 France PSG Warren Zaïre-Emery
43%
35 €40.00m 21 Argentina Chelsea Alejandro Garnacho
36%
57 €32.00m 20 Norway RB Leipzig Antonio Nusa
36%
23 €45.00m 20 Türkiye Frankfurt Can Uzun
36%
11 €65.00m 20 Spain Real Madrid Dean Hujisen
36%
84 €25.00m 21 Spain Como Jacobo Ramón
36%
53 €35.00m 21 England Newcastle Lewis Hall
36%
63 €30.00m 18 Spain Barcelona Marc Bernal
36%
44 €35.00m 21 Denmark Man United Patrick Dorgu
36%
37 €38.00m 18 Portugal Porto Rodrigo Mora
36%
31 €40.00m 19 France PSG Senny Mayulu
36%
50 €35.00m 21 Argentina Strasbourg Valentín Barco
36%
54 €35.00m 21 Spain Arsenal Cristhian Mosquera
29%
56 €32.00m 21 Sweden Frankfurt Hugo Larsson
29%
30 €40.00m 20 Algeria Leverkusen Ibrahim Maza
29%
61 €30.00m 18 Senegal PSG Ibrahim Mbaye
29%
88 €25.00m 20 Senegal Chelsea Mamadou Sarr
29%
48 €35.00m 21 Portugal West Ham Mateus Fernandes
29%
47 €35.00m 19 England Arsenal Myles Lewis-Skelly
29%
27 €40.00m 19 Brazil Bournemouth Rayan
29%
45 €35.00m 20 England Tottenham Archie Gray
21%
62 €30.00m 20 Senegal Como Assane Diao
21%
16 €50.00m 18 France Lille Ayyoub Bouaddi
21%
26 €40.00m 19 Cameroon Leverkusen Christian Kofane
21%
72 €30.00m 21 Spain Barcelona Gavi
21%
25 €42.00m 18 Portugal Sporting CP Geovany Quenda
21%
15 €55.00m 20 France Rennes Jérémy Jacquet
21%
81 €25.00m 19 England Chelsea Josh Acheampong
21%
89 €25.00m 20 Netherlands AZ Alkmaar Kees Smit
21%
39 €35.00m 19 Germany 1. FC Köln Said El Mala
21%
49 €35.00m 21 Argentina Bologna Santiago Castro
21%
28 €40.00m 21 Gambia Brighton & Hove Yankuba Minteh
21%
74 €28.00m 19 Germany RB Leipzig Assan Ouédraogo
14%
59 €32.00m 21 Morocco Stuttgart Bilal El Khannouss
14%
97 €25.00m 21 Ireland AS Roma Evan Ferguson
14%
100 €22.00m 18 Germany Werder Bremen Karim Coulibaly
14%
87 €25.00m 19 England Newcastle Lewis Miley
14%
69 €30.00m 21 Belgium Lyon Malick Fofana
14%
51 €35.00m 21 Italy Brentford Michael Kayode
14%
64 €30.00m 20 Brazil Girona Vitor Reis
14%
91 €25.00m 20 Serbia Club Brugge Aleksandar Stanković
7%
94 €25.00m 20 Morocco Sunderland Chemsdine Talbi
7%
85 €25.00m 18 England Sunderland Chris Rigg
7%
96 €25.00m 21 Belgium Strasbourg Diego Moreira
7%
73 €28.00m 21 Senegal West Ham El Haldji Malick Diouf
7%
66 €30.00m 19 Germany Stuttgart Finn Jeltsch
7%
78 €25.00m 19 Italy Liverpool Giovanni Leoni
7%
52 €35.00m 21 England Chelsea Jamie Gittens
7%
86 €25.00m 20 France Frankfurt Jean-Mattéo Bahoya
7%
60 €30.00m 20 Spain Como Jesús Rodríguez
7%
43 €35.00m 20 Switzerland Freiburg Johan Manzambi
7%
41 €35.00m 18 Greece KRC Genk Konstantinos Karetsas
7%
92 €25.00m 20 Belgium Ajax Amsterdam Mika Godts
7%
77 €25.00m 17 Belgium RSC Anderlecht Nathan De Cat
7%
76 €25.00m 18 France Nantes Tylel Tati
7%
65 €30.00m 20 Denmark Porto Victor Froholdt
7%
95 €25.00m 20 Russia Lokomotiv Moscow Aleksey Batrakov
0%
40 €35.00m 20 Cote d'Ivoire Hoffenheim Bazoumana Touré
0%
75 €28.00m 21 Germany Brighton & Hove Brajan Gruda
0%
80 €25.00m 18 Greece Brighton & Hove Charalampos Kostoulas
0%
83 €25.00m 19 Greece Olympiakos Christos Mouzakitis
0%
98 €23.00m 20 Italy AC Milan Davide Bartesaghi
0%
82 €25.00m 19 Netherlands Feyenoord Givairo Read
0%
79 €25.00m 18 Italy Atalanta Bergamo Honest Ahanor
0%
55 €33.00m 21 Ecuador Club Brugge Joel Ordóñez
0%
67 €30.00m 21 Italy Cagliari Marco Palestra
0%
71 €30.00m 21 Spain Lille Matías Fernández-Pardo
0%
70 €30.00m 21 DR Congo Sunderland Noah Sadiki
0%
99 €23.00m 21 Italy Fiorentina Pietro Comuzzo
0%
93 €25.00m 21 France RC Lens Robin Risser
0%
No matching quizzes found
Score Distribution
Percent of People with Each Score
Percentile by Number Answered
Your Score History
You have not taken this quiz